00741cam a22002411 4500001001300000003000400013005001700017008004100034010001700075035002000092040001900112042001200131050002500143060002500168100002100193245008900214260004400303300002100347440005100368500002300419504004200442999001500484agr33000170 DLC20260227110953.0811121s1932 xx a 000 0 ger  aagr33000170  a(OCoLC)14730685 aDLCcDNLMdDLC apremarc00aQH431b.H25 bd. 1, I0 aQH 431bH236 Bd.1, I1 aFöyn, Björn.10aGeschlechtsgebundene und geschlechtskontrollierte vererbung,cvon Björn Föyn ... aBerlin,bGebrüder Borntraeger,c1932. aiv, 122 p.bill. 0aHandbuch der vererbungswissenschaft,vBd. 1, I aIssued as lfg. 17. a"Literaturverzeichnis": p. [102]-122. c9563d9563